[Event "Graz op-A 17th"]
[Site "Graz"]
[Date "2010.09.02"]
[Round "6"]
[White "Horvath, Reka"]
[Black "Kravanja, Aljosa"]
[Result "1-0"]
[WhiteElo "1967"]
[BlackElo "2028"]
[PlyCount "41"]
[EventDate "2010.08.21"]
[EventType "swiss"]
[EventRounds "9"]
[EventCountry "AUT"]
[SourceTitle "CBM 138 Extra"]
[Source "ChessBase"]
[SourceDate "2010.10.29"]
[SourceVersion "1"]
[SourceVersionDate "2010.10.29"]
[SourceQuality "1"]

1. Nf3 d5 2. g3 c6 3. d4 Nf6 4. Bg2 g6 5. 0-0 Bg7 6. c4 0-0 7. Nc3 dxc4 8. a4 Nd5 9. Bd2 Na6 10. Qc1 Re8 11. Bh6 Bh8 12. Ne5 Be6 13. Ne4 Ndb4 14. Rd1 Bxe5 15. dxe5 Qa5 16. Qf4 Nd5 17. Rxd5 Bxd5 18. Nf6+ Kh8 19. Qh4 Rg8 20. Bf8 h5 21. Qg5 1-0

[Event "Graz op-A 17th"]
[Site "Graz"]
[Date "2010.08.31"]
[Round "4"]
[White "Wertjanz, David"]
[Black "Kravanja, Aljosa"]
[Result "1/2-1/2"]
[WhiteElo "2175"]
[BlackElo "2028"]
[PlyCount "118"]
[EventDate "2010.08.21"]
[EventType "swiss"]
[EventRounds "9"]
[EventCountry "AUT"]
[SourceTitle "CBM 138 Extra"]
[Source "ChessBase"]
[SourceDate "2010.10.29"]
[SourceVersion "1"]
[SourceVersionDate "2010.10.29"]
[SourceQuality "1"]

1. e4 c5 2. Nf3 d6 3. d4 cxd4 4. Nxd4 Nf6 5. Nc3 a6 6. Bc4 e6 7. Bb3 b5 8. Bg5 Be7 9. Qf3 Qc7 10. e5 Bb7 11. exd6 Bxd6 12. Qe3 0-0 13. 0-0-0 Bc5 14. Bxf6 gxf6 15. Ne4 Qe5 16. Nxc5 Qxc5 17. f4 Nc6 18. Qg3+ Kh8 19. Qh4 Qe7 20. Nf5 exf5 21. Rhe1 Qc7 22. Qxf6+ Kg8 23. Qg5+ Kh8 24. Qxf5 Rad8 25. Qf6+ Kg8 26. c3 Rxd1+ 27. Rxd1 Rd8 28. Rxd8+ Nxd8 29. Qg5+ Kf8 30. f5 Ke8 31. f6 Qd6 32. g3 Kd7 33. Qf5+ Kc7 34. Qxh7 Qxf6 35. Qd3 Qe5 36. a4 Ne6 37. axb5 Nc5 38. b6+ Kxb6 39. Qd8+ Ka7 40. Bxf7 Qe3+ 41. Qd2 Qg1+ 42. Qd1 Qxh2 43. b4 Qh6+ 44. Kb2 Ne4 45. Qd4+ Qb6 46. Qxb6+ Kxb6 47. g4 Bc8 48. c4 Bxg4 49. Bg6 Nf2 50. Be8 Kc7 51. Ka3 Ne4 52. Bg6 Nd6 53. Bd3 Bd1 54. Kb2 Kd7 55. Kc3 Ke6 56. Kd4 Bg4 57. Kc5 Ke5 58. Kb6 Kd4 59. Bf1 Nxc4+ 1/2-1/2